| 000 | 00334nam a22001097a 4500 | ||
|---|---|---|---|
| 008 | 160512b xxu||||| |||| 00| 0 eng d | ||
| 020 | _a9789989150791 | ||
| 041 | _aeng | ||
| 080 | _a612.39 | ||
| 245 |
_aAnalizat laboratorike te dritherave, miellrave, brumerave dhe produkteve te pjekjes: _cGafur Xhabiri; Abdyl Sinani; |
||
| 942 |
_2udc _cBK |
||
| 999 |
_c2094 _d2094 |
||